| 000 | 00472 a2200193 4500 | ||
|---|---|---|---|
| 003 | Nust | ||
| 005 | 20230525120208.0 | ||
| 010 | _a37003098 | ||
| 040 | _cNust | ||
| 082 | _a823 | ||
| 100 |
_aBorden, Mary _9107223 |
||
| 245 |
_aAction for slander _cMary Borden |
||
| 260 |
_aNew York, London, _bHarper & brothers _c1940 |
||
| 300 |
_a285 p _b18 cm |
||
| 538 | _aAlmirah No.58 Shelf No.5 | ||
| 600 |
_aBorden, Mary _9107223 |
||
| 650 |
_aNovel _92525 |
||
| 942 |
_2ddc _cBK |
||
| 999 |
_c186705 _d186705 |
||